Colombian birds : (Registro nro. 18917)
[ vista simple ]
| 000 -CABECERA | |
|---|---|
| Campo de control | 00940nam a2200193 a 4500 |
| 005 - FECHA Y HORA DE LA ULTIMA TRANSACCION | |
| Campo de control | 20160729020003.0 |
| 008 - ELEMENTOS DE LONGITUD FIJA—INFORMACION GENERAL | |
| Campo de control | 160727t2010 ck ab|||r|||| 00| 0 spa d |
| 040 ## - FUENTE DE CATALOGACIÓN | |
| Agencia catalogadora original | CO-BoIAVH |
| Agencia transcriptora | CO-BoIAVH |
| 041 0# - IDIOMA | |
| Código de idioma para texto/pista de sonido o título separado | Español |
| 044 ## - PAÍS DE PUBLICACIÓN | |
| País de publicación | Colombia |
| 090 ## - CLASIFICACIÓN LOCAL | |
| Colección | FH- |
| Consecutivo | 0051 |
| 245 00 - MENCION DE TITULO | |
| Título | Colombian birds : |
| Parte restante del título | Colombia boasts the largest diversity of birds in the world |
| 260 ## - PUBLICACION, DISTRIBUCION, ETC. (PIE DE IMPRENTA) | |
| Lugar de publicación, distribución, etc. | Bogotá, Colombia : |
| Nombre del editor, distribuidor, etc. | Ministerio de Comercio Industria y Turismo de Colombia : |
| -- | Instituto de Investigación de Recursos Biológicos Alexander von Humboldt : |
| -- | Ministerio de Ambiente, Vivienda y Desarrollo Territorial : |
| -- | Parques Nacionales Naturales de Colombia : |
| -- | Fundación alas de cristal : |
| -- | Proexport Colombia, |
| Fecha de publicación, distribución, etc. | 2010. |
| 300 ## - DESCRIPCION FISICA | |
| Extensión | 1 plegable : |
| Otros detalles físicos | ilustraciones a color y un mapa : |
| Dimensiones | 24 x 17 cm. |
| 650 26 - ASIENTO SECUNDARIO DE MATERIA - TERMINO TEMATICO | |
| Término temático o nombre geográfico como elemento de entrada | Aves |
| Subdivisión geográfica | Colombia |
| 9 (RLIN) | 73446 |
| 650 26 - ASIENTO SECUNDARIO DE MATERIA - TERMINO TEMATICO | |
| Término temático o nombre geográfico como elemento de entrada | Aves |
| Subdivisión general | Habitat |
| Subdivisión geográfica | Colombia |
| 9 (RLIN) | 73447 |
| 650 26 - ASIENTO SECUNDARIO DE MATERIA - TERMINO TEMATICO | |
| Término temático o nombre geográfico como elemento de entrada | Aves |
| Subdivisión de forma | ilustraciones |
| Subdivisión general | clasificación |
| Subdivisión geográfica | Colombia |
| 9 (RLIN) | 73448 |
| 942 ## - ELEMENTOS ADICIONALES (KOHA) | |
| Sistema de clasificación | Local |
| Tipo de ítem | Folleto |
| Koha issues (borrowed), all copies | 1 |
| Withdrawn status | Lost status | Sistema de Clasificación | Damaged status | No para préstamo | Colección | Ubicación Permanente | Ubicación actual | Fecha de adquisición | Total Checkouts | Número topográfico | Inventario / Código de Barras | Date last seen | Date checked out | Ejemplar | Price effective from | Forma de adquisición | Tipo de material |
|---|---|---|---|---|---|---|---|---|---|---|---|---|---|---|---|---|---|
| Local | Hemeroteca | Bogotá | Bogotá | 27/07/2016 | 1 | FH-0051 | 040564 | 01/08/2016 | 28/07/2016 | Ej. 1 | 27/07/2016 | Donación | Folleto | ||||
| Local | Hemeroteca | Bogotá | Bogotá | 29/12/2016 | FH-0051 | 040912 | 29/12/2016 | Ej. 2 | 29/12/2016 | Institucional | Folleto |